| 000 | 00448nam a2200121Ia 4500 | ||
|---|---|---|---|
| 008 | 200626s9999 xx 000 0 und d | ||
| 020 | _a978-1-907751-03-5 | ||
| 100 | _aFisher, Ian | ||
| 245 |
_cIan Fisher.-- _aHealth & safety for supervisors (level3): _bA text for level 3 health & safety courses and a reference for supervisors:/ |
||
| 260 |
_aUnited Kingdom : _bHighfield _c2010 |
||
| 300 | _a128 pages | ||
| 500 | _aIncludes Bibliography, and Index | ||
| 999 |
_c363834 _d363834 |
||